[Event "Schleswig-Holstein-ch Basis"]
[Site "Buesum"]
[Date "2010.03.29"]
[Round "3"]
[White "Droste, Eckart"]
[Black "Scharffenberg, Horst"]
[Result "1/2-1/2"]
[WhiteElo "1764"]
[BlackElo "1453"]
[PlyCount "75"]
[EventDate "2010.03.27"]
[EventType "swiss"]
[EventRounds "9"]
[EventCountry "GER"]
[SourceTitle "EXT 2023"]
[Source "ChessBase"]
[SourceDate "2022.10.05"]
[SourceVersion "1"]
[SourceVersionDate "2022.10.05"]
[SourceQuality "1"]

1. d4 d5 2. Bf4 Nf6 3. e3 Bf5 4. Nd2 e6 5. Ngf3 Bd6 6. Ne5 0-0 7. h4 Nbd7 8. h5 Bxe5 9. dxe5 Ng4 10. Nf3 f6 11. Bd3 fxe5 12. Bg5 Qe8 13. Bxf5 Rxf5 14. Qe2 e4 15. h6 exf3 16. gxf3 Rxg5 17. fxg4 Qg6 18. 0-0-0 c6 19. hxg7 Qxg7 20. Rh4 Rf8 21. f4 Rg6 22. Rdh1 h6 23. g5 hxg5 24. Rh8+ Qxh8 25. Rxh8+ Kxh8 26. Qh5+ Kg7 27. fxg5 Rf5 28. b3 Rfxg5 29. Qh2 e5 30. Qh3 Rg4 31. Qh5 e4 32. Qf5 Rg1+ 33. Kb2 Nb6 34. Qe5+ Kh6 35. Qh2+ Kg7 36. Qe5+ Kg8 37. Qb8+ Kh7 38. Qh2+ 1/2-1/2

[Event "Schleswig Holstein-ch Veterans 63rd"]
[Site "Gross Groenau"]
[Date "2008.03.17"]
[Round "4"]
[White "Droste, Eckart"]
[Black "Scharffenberg, Horst"]
[Result "0-1"]
[WhiteElo "1489"]
[BlackElo "1505"]
[PlyCount "84"]
[EventDate "2008.03.15"]
[EventType "swiss"]
[EventRounds "9"]
[EventCountry "GER"]
[SourceTitle "EXT 2010"]
[Source "ChessBase"]
[SourceDate "2010.11.25"]
[SourceVersion "1"]
[SourceVersionDate "2010.11.25"]
[SourceQuality "1"]

1. d4 d5 2. Bf4 e6 3. Nf3 Nf6 4. e3 Bd6 5. Ne5 Nbd7 6. Bd3 0-0 7. Nd2 g6 8. Ndf3 Nh5 9. Bg3 Nxg3 10. hxg3 Nxe5 11. dxe5 Be7 12. c3 c5 13. Qc2 c4 14. Be2 b5 15. a3 a5 16. Nd4 Bd7 17. Bg4 b4 18. Ke2 bxa3 19. bxa3 Kg7 20. a4 Rb8 21. Rh2 Rh8 22. f4 Rb6 23. Rhh1 Qc7 24. Rhb1 Rhb8 25. Rxb6 Rxb6 26. Qa2 Qb8 27. Nb5 Bxb5 28. axb5 Rxb5 29. Kf1 Qb6 30. Qa4 Bc5 31. Kg1 Bxe3+ 32. Kh2 Bd2 33. Qa3 Qc5 34. Qxc5 Rxc5 35. Rb1 Rc7 36. Rb6 Bxc3 37. Bxe6 fxe6 38. Rxe6 d4 39. Rd6 d3 40. e6 Bf6 41. g4 Be7 42. Rd5 c3 0-1

[Event "Schleswig Holstein-ch Veterans 63rd"]
[Site "Gross Groenau"]
[Date "2008.03.17"]
[Round "3"]
[White "Scharffenberg, Horst"]
[Black "Harders, Werner"]
[Result "0-1"]
[WhiteElo "1505"]
[BlackElo "1395"]
[PlyCount "118"]
[EventDate "2008.03.15"]
[EventType "swiss"]
[EventRounds "9"]
[EventCountry "GER"]
[SourceTitle "EXT 2010"]
[Source "ChessBase"]
[SourceDate "2010.11.25"]
[SourceVersion "1"]
[SourceVersionDate "2010.11.25"]
[SourceQuality "1"]

1. c4 e5 2. Nc3 Nf6 3. g3 Be7 4. Bg2 c6 5. e3 0-0 6. d4 exd4 7. exd4 d5 8. c5 Re8 9. Nge2 Be6 10. 0-0 Bg4 11. f3 Bh5 12. Nf4 h6 13. Qc2 g5 14. Nxh5 Nxh5 15. g4 Ng7 16. Ne2 Bf6 17. Rd1 Ne6 18. b4 Nd7 19. Bb2 Ndf8 20. Ng3 Ng7 21. Re1 Nfe6 22. Rad1 Qd7 23. Nf5 Nxf5 24. Qxf5 Bg7 25. Bc1 Qc7 26. Be3 Re7 27. Bf2 Rae8 28. Bf1 Nf8 29. Rxe7 Rxe7 30. Kg2 Re6 31. Bg3 Qe7 32. Bd6 Qe8 33. Rd2 Ng6 34. Kf2 Nh4 35. Qd3 Qd7 36. Bg3 Ng6 37. Re2 Rf6 38. Qc3 Nf4 39. Re3 Re6 40. Bxf4 gxf4 41. Rd3 Qe7 42. Qd2 Qg5 43. Kg2 h5 44. h3 hxg4 45. fxg4 Re3 46. Qf2 f5 47. Rxe3 fxe3 48. Qxf5 Qxf5 49. gxf5 Bxd4 50. Kf3 Kg7 51. Bd3 Kh6 52. a4 b6 53. cxb6 axb6 54. f6 Bxf6 55. Kxe3 Bc3 56. b5 c5 57. Kf4 c4 58. Bf5 d4 59. Be6 Bd2+ 0-1